000 01130cam a2200253 i 4500
001 63450
005 20180714065859.0
008 150901s2014 mx r 000 0 spa d
020 _a9786074876765
040 _aMX-PuUPA
_bspa
_erda
_cMx-PuUPA
_dMx-PuUPA
041 0 _aspa
082 0 _a304.87307248
_bTOD
245 0 1 _a¿Todos vuelven? :
_bmigración acelerada, crisis de la economía estadounidense y retorno en cuatro localidades del estado de Puebla, México /
_cMaría Eugenia DAubeterre Buznego, María Leticia Rivermar Pérez, editoras.
250 _aPrimera edición
264 1 _aPuebla, Pue. :
_bBenemérita Universidad Autónoma de Puebla, Instituto de Ciencias Sociales y Humanidades "Alfonso Velez Pliego",
_c2014
300 _a230 páginas :
_bgráficas ;
_c24 cm.
336 _atexto
_2rdacontent
337 _asin mediación
_2rdamedia
338 _avolumen
_2rdacarrier
650 4 _aMigración
_d1980-1990
_zPuebla-Estados Unidos
650 4 _aCrisis Económica
_zEstados Unidos
700 1 _aMaría Eugenia, DAubeterre Buznego,
_eeditor
700 1 _aRivermar Pérez, María Leticia
_eeditor
999 _c63450
_d63450